000 00601nam a2200181Ia 4500
008 090124s9999 xx 000 0 und d
082 _b32151
100 _aवाळिंबे शरद्चंद्र
245 _a मोनालिसा
250 _a1
260 _b"शांती पब्लिकेशन्स, पुणे"
_c1995
300 _a232
600 _aवाळिंबे शरद्चंद्र
630 _a मोनालिसा
700 _aवाळिंबे शरद्चंद्र
730 _a मोनालिसा
942 _cBOOK
999 _c98167
_d98167